000 00350nam a2200145 i 4500
001 bg
100 1 _aBRANOWSKI, Bogdan
245 0 _aMetalowe elementy sprężyste /
_cB. Branowski.
260 _aWarszawa,
_c1988.
040 _cBPK
041 _apol
080 _a621.01:539.3/.6](075.8)
942 _cKS
008 s pl f |000 0 pol
999 _c3779
_d3779
856 _uhttp://koha.tu.koszalin.pl/cgi-bin/koha/opac-detail.pl?biblionumber=3779
_yKatalog online BPK